000 00949namaa22002291 4500
001 173858
003 ES-MaACL
005 20250824090224.0
007 t|
008 100127s1865 sp |r |||| | spa d
040 _aSpMaBN
_bspa
_cA2
080 _a78.089.1
100 0 _aCamprodón, Francisco.
_934301
245 1 3 _aEl relámpago
_b: zarzuela en tres actos y en verso /
_carreglada por Don Francisco Camprodón ; música de D. Francisco Asenjo Barbieri.
250 _a2ª ed.
260 _aMadrid :
_b[s.n.],
_c1865 (
_fImp. de José Rodríguez)
300 _a72 p. ;
_c17 cm.
500 _aSolo la letra.
700 1 _aBarbieri, Francisco A.,
_d1823-1894
_925463
852 _aES-MaACL
_jF-8622(10)
_z.- Enc. pasta española
_q.- Falto de la cub. original
_z.- Enc. en un vol. facticio formando parte de la col. facticia "Teatro español moderno", vol. 77 .
_z. - Firma ms. de Gustavo Saenz Diez, 1877
999 _c173858
_d173858